00866nam a2200217 a 450000100100000000500170001000800410002702000180006804000250008608200150011110000520012624500920017826000350027030000280030549000420033350000210037550400730039683000490046995201130051899900170063100004063420250307073710.0130904s2008 dr r 001 0 spa d a9788479624255 aDO-SdBNPbspacBNPHU a980bH519h1 aHenríquez Ureña, Pedro,d1884-1946 9171810aHistoria cultural y literaria de la América hispánica /cPedro Henríquez Ureña. aMadrid :bVerbum, D.L.,c2008. a506 p. :bil. ;c22 cm.1 aVerbum mayorateoría y críticav5 aIncluye índice aIncluye referencias bibliográficas y notas al pie de las páginas 0aVerbum mayorpteoría y crítican5966987 0010718PDaGRbGRcCTd2013-09-04iLF1l0o980 H519hp40634-10r2020-06-25w2020-06-25yLFPDZNo se presta c40124d40124